000 00761nam a2200193Ia 4500
008 151121s9999||||xx |||||||||||||| ||und||
082 _a785/गर्ग
082 _bHNW-58555
100 _aगर्ग लक्ष्मीनारायण
245 _aसंगीत-वाद्य-वादन अंक
260 _b"संगीत कार्यालय, हाथरस-उत्तरप्रदेश"
260 _c--
300 _a184
600 _aगर्ग लक्ष्मीनारायण
630 _aसंगीत-वाद्य-वादन अंक
700 _aगर्ग लक्ष्मीनारायण
730 _aसंगीत-वाद्य-वादन अंक
942 _cBOOK
999 _c1240368
_d1240365